Statistics for FIFA 22 La Liga TOTS

Click here to take the quiz!

General Stats

  • This quiz has been taken 118 times
    (101 since last reset)
  • The average score is 16 of 19

Answer Stats

ClubPositionRatingAnswer% Correct
Real MadridCF98Karim Benzema
100%
Real MadridCM97Luka Modric
100%
BarcelonaCM96Pedri
99%
Real MadridLW96Vinicius
99%
Real MadridCB94David Alaba
98%
Real MadridGK95Thibaut Courtois
96%
Real MadridCB95Eder Militao
94%
Real BetisCAM93Nabil Fekir
94%
Atletico MadridCF95Joao Felix
90%
BarcelonaCB92Ronald Araujo
90%
SevillaCB93Jules Kounde
82%
SevillaLB92Marcos Acuna
80%
Celta VigoST93Iago Aspas
79%
Real BetisRM93Sergio Canales
79%
SevillaRB91Jesus Navas
74%
EspanyolST90Raul De Tomas
62%
VillarrealLW93Arnaut Danjuma
59%
Athletic BilbaoLM91Iker Muniain
59%
Atletico MadridCM92Thomas Lemar
43%

Score Distribution

Percentile by Number Answered

Percent of People with Each Score

Your Score History

You have not taken this quiz since the last reset